00539nam a2200181Ia 450000500170000000800410001704000190005804100120007708200140008910000300010324500670013325000510020026000270025130000110027850400400028965000180032985000100034720240403141506.0131103s9999 xx 000 0 und d aLoreto College aEnglish a170 bMAS aMascarenhas, Marie Mignon aFamily Life Education Value EducationcMarie Mignon Mascarehas a a guide for teachers a textbook for students  aBangalorebCRESTc1986 a285p.  aIncludes bibliographical references aMoral Science aLCBED